000 00483nam a2200181Ia 4500
008 230917s9999||||xx |||||||||||||| ||und||
020 _cGBP44.99
040 _e223136
_aMAIN
041 _aEnglish
082 _a658.8 B629P(3)
100 _aBlythe, Jim
245 0 _aPrinciples and practice of marketing
250 _a3rd ed.
260 _aLos Angeles
_bSage Publications
_c2014
300 _a772 p.
500 _a1859 19/01/2015 APD1014532 20/03/2015 Main Budget
942 _cBK
999 _c13813
_d13813